| 000 | 00665nam a2200205 i 4500 | ||
|---|---|---|---|
| 001 | 89954 | ||
| 003 | ES-MaACL | ||
| 005 | 20250901085904.0 | ||
| 007 | t| | ||
| 008 | 050117s1943 fr ||||1| fre d | ||
| 100 | 1 |
_aLedoux-Lebard, René. _971166 |
|
| 245 | 1 | 0 |
_aTechnique du radiodiagnostic / _cR. Ledoux-Lebard et J. García Calderón. |
| 260 |
_aParis : _bMasson et Cie, _c1943 ( _eAlençon : _fImp. Alenconnaise) |
||
| 300 |
_aIV, 877 p. : _bil. ; _c26 cm. |
||
| 504 | _aBibliografía: p. [860]-863. | ||
| 650 | 7 |
_aRadiografía _2embne _916670 |
|
| 700 | 1 |
_aGarcia-Caldéron, Jean. _954316 |
|
| 852 |
_aES-MaACL _jE-2061 _bR.23193 |
||
| 999 |
_c89954 _d89954 |
||